000 00558nam a2200181Ia 4500
003 IN-BaIIA
008 211028s9999 xx 000 0 eng d
040 _cIIA Library
080 _a(035)621.83
_bDUD
100 _aDudley Darle, W
_99741
245 0 _aGearhand book: The design manufacture and application of gears
_cW. Dudley Darle
250 _a1st ed.
260 _aNew York
_bMcGraw-Hill
_c1962
300 _a[various pagings.]
650 _aHandbooks-Gears
_911514
650 _aNASA Thesaurus
942 _cBK
999 _c6719
_d6719